<?xml version="1.0" encoding="UTF-8"?>
<record
    xmlns:xsi="http://www.w3.org/2001/XMLSchema-instance"
    xsi:schemaLocation="http://www.loc.gov/MARC21/slim http://www.loc.gov/standards/marcxml/schema/MARC21slim.xsd"
    xmlns="http://www.loc.gov/MARC21/slim">

  <leader>02334nam a22001577a 4500</leader>
  <datafield tag="082" ind1=" " ind2=" ">
    <subfield code="a">629.8</subfield>
  </datafield>
  <datafield tag="100" ind1=" " ind2=" ">
    <subfield code="a">Faizan, Muhammad </subfield>
    <subfield code="9">128170</subfield>
  </datafield>
  <datafield tag="245" ind1=" " ind2=" ">
    <subfield code="a">Novel Hybrid Neural Network Architecture For Multi-modal Brain Tumor mpMRI Segmentation /</subfield>
    <subfield code="c">Muhammad Faizan</subfield>
  </datafield>
  <datafield tag="264" ind1=" " ind2=" ">
    <subfield code="a">Islamabad:</subfield>
    <subfield code="b">SMME- NUST;</subfield>
    <subfield code="c">2025.</subfield>
  </datafield>
  <datafield tag="300" ind1=" " ind2=" ">
    <subfield code="a">73p.</subfield>
    <subfield code="b">Soft Copy, </subfield>
    <subfield code="c">30cm.</subfield>
  </datafield>
  <datafield tag="500" ind1=" " ind2=" ">
    <subfield code="a">Medical image segmentation is a critical step in clinical decision-making, enabling
precise localization of anatomical structures and lesions. While Convolutional Neural Networks, particularly U-shaped architectures like U-Net, have been popular in
this domain, their limited receptive fields hinder the accurate delineation of anomalies with irregular shapes and sizes. Hybrid approaches integrating convolution and
vision transformers Vision Transformers (ViTs) have demonstrated improved performance due to their ability to capture dependencies over an extended length. However, ViTs are computationally expensive, particularly for volumetric image segmentation, such as MRI, making them challenging to deploy on hardware with limited
resources. To address these challenges, recent studies have revisited convolutional
architectures, leveraging large kernel (LK) depth-wise convolution to emulate the hierarchical transformer&#x2019;s behavior. Building on this direction, we propose 3D SegUXNet, a novel U-shaped encoder-decoder architecture for volumetric biomedical image
segmentation. Our model introduces the SegUX block, which combines large kernel
depth-wise and point-wise convolutions to enhance the receptive field while maintaining computational efficiency. The addition of a residual block further refines features,
improving model robustness and generalization. Empirical results demonstrate that
3D SegUX-Net consistently outperforms state-of-the-art CNN and transformer methods on multiple benchmarks, including BraTS 2019, BraTS 2020, BraTS 2023, and
organ segmentation of BTCV dataset. The proposed architecture establishes new
SOTA performance in volumetric medical semantic segmentation, combining simplicity, efficiency, and scalability.</subfield>
  </datafield>
  <datafield tag="650" ind1=" " ind2=" ">
    <subfield code="a">MS Robotics and Intelligent Machine Engineering   </subfield>
    <subfield code="9">119486</subfield>
  </datafield>
  <datafield tag="700" ind1=" " ind2=" ">
    <subfield code="a">Supervisor : Dr. Sara Ali</subfield>
    <subfield code="9">119733</subfield>
  </datafield>
  <datafield tag="856" ind1=" " ind2=" ">
    <subfield code="u">http://10.250.8.41:8080/xmlui/handle/123456789/50343</subfield>
  </datafield>
  <datafield tag="942" ind1=" " ind2=" ">
    <subfield code="2">ddc</subfield>
    <subfield code="c">THE</subfield>
  </datafield>
  <datafield tag="999" ind1=" " ind2=" ">
    <subfield code="c">613225</subfield>
    <subfield code="d">613225</subfield>
  </datafield>
  <datafield tag="952" ind1=" " ind2=" ">
    <subfield code="0">0</subfield>
    <subfield code="1">0</subfield>
    <subfield code="4">0</subfield>
    <subfield code="7">0</subfield>
    <subfield code="a">SMME</subfield>
    <subfield code="b">SMME</subfield>
    <subfield code="c">EB</subfield>
    <subfield code="d">2025-03-06</subfield>
    <subfield code="l">0</subfield>
    <subfield code="o">629.8</subfield>
    <subfield code="p">SMME-TH-1121</subfield>
    <subfield code="r">2025-03-06</subfield>
    <subfield code="w">2025-03-06</subfield>
    <subfield code="y">THE</subfield>
  </datafield>
</record>
